Cities in Europe-Sudden Death - Statistics

General Stats
  • This quiz has been taken 134 times
  • The average score is 15 of 18
Answers on the Grid
Answers color-coded by a green-red scale on the quiz's grid according to % correct below.
Edinburgh
Dublin
Baku
Helsinki
Yakutsk
Algiers
Vienna
Tunis
Alexandria
London
Glasgow
Athens
Dodoma
Colombo
Rome
Copenhagen
Kyiv
Istanbul
Dubai
Cardiff
Prague
Stockholm
Tel Aviv
Amsterdam
Yerevan
Bratislava
Sofia
Casablanca
Hong Kong
Bucharest
 
Answer Stats
Answer % Correct
Edinburgh
99%
Dublin
98%
Helsinki
89%
Vienna
86%
Amsterdam
85%
Copenhagen
85%
Glasgow
85%
London
85%
Rome
85%
Athens
84%
Prague
84%
Stockholm
82%
Bucharest
80%
Kyiv
78%
Sofia
76%
Cardiff
74%
Bratislava
70%
Istanbul
61%
No matching quizzes found
Score Distribution
Percent of People with Each Score
Percentile by Number Answered
Your Score History
You have not taken this quiz